Los derechos económicos y sociales y su exigibilidad en el estado social y democrático de derecho / (Registro nro. 13430)

Detalles MARC
000 -LIDER
fixed length control field 01737nam a2200373 4500
003 - IDENTIFICACDOR DE NÚMERO DE CONTROL
control field DO-SdBNP
005 - DATE AND TIME OF LATEST TRANSACTION
control field 20220914090032.0
008 - ELEMENTOS DE LONGITUD FIJA
fixed length control field 191211s2017 dr a b f100 0 spa
020 ## - ISBN
International Standard Book Number 9789945905212
035 ## - NÚMERO LOCAL
System control number
040 ## - FUENTE DE CATALOGACIÓN
Agencia que crea de manera original el registro BPMSU
Idioma de catalogación spa
Agencia que realiza la transcripción BPMSU
Convenciones de la despripción
042 ## - CÓDIGO DE AUNTENTIFICACIÓN
Authentication code
043 ## - CÓDIGO DE ÁREA GEOGRÁFICA
Geographic area code
082 ## - NÚMERO DE CLASIFICACIÓN DECIMAL DE DEWEY
Classification number 342.7293
Item number C749d
Edition number 22
111 2# - ASIENTO PRINCIPAL--NOMBRE DE REUNIÓN O CONFERENCIA
Nombre de reunión o jurisdicción como elemento de entrada Congreso Internacional sobre Derecho y Justicia Constitucional
Número de la parte, sección o reunión (2 :
Fecha de la reunión 2014 nov. 26-27 :
Lugar de la reunión Santo Domingo, República Dominicana),
243 ## - COLLECTIVE UNIFORM TITLE
Nombre de la parte o sección de una obra
245 13 - MENCIÓN DE TITULO
Título Los derechos económicos y sociales y su exigibilidad en el estado social y democrático de derecho /
Mención de responsabilidad coordinadores Flavio Darío Espinal, Marcos Massó Garrote ; edición Leonor Tejada
246 14 - VARIACION DEL TÍTULO
Título propiamente dicho o título corto Segundo Congreso Internacional sobre Derecho y Justicia Constitucional :
Subtítulo "Los derechos económicos y sociales y su exigibilidad en el estado social y democrático de derecho"
260 ## - PUBLICACIÓN, DISTRIBUCIÓN, ETC. (PIE DE IMPRENTA)
Lugar de publicación, distribución, etc Santo Domingo ;
Nombre del editor, distribuidor, etc. Tribunal Constitucional,
Fecha de publicación, distribución, etc 2017
300 ## - DESCRIPCIÓN FÍSICA
Extensión 650 p. :
Otros detalles físicos ils. ;
Dimensiones 26 cm
500 ## - NOTA GENERAL
Nota general Incluye referencias bibliográficas y notas al pie de las páginas
590 ## - NOTA LOCAL
Enlace Inventariado, 2021/VM
650 #4 - ENCABEZAMIENTO DE MATERIA--TEMÁTICO
Término temático o nombre geográfico como elemento de entrada Derechos económicos y sociales
Subdivisión geográfica República Dominicana
Subdivisión de forma Ensayos, conferencias, etc
650 #4 - ENCABEZAMIENTO DE MATERIA--TEMÁTICO
Término temático o nombre geográfico como elemento de entrada Derechos sociales
Subdivisión de forma Ensayos, conferencias, etc
650 #4 - ENCABEZAMIENTO DE MATERIA--TEMÁTICO
Término temático o nombre geográfico como elemento de entrada Derechos civiles
Subdivisión geográfica República Dominicana
Subdivisión de forma Ensayos, conferencias, etc
650 #4 - ENCABEZAMIENTO DE MATERIA--TEMÁTICO
Término temático o nombre geográfico como elemento de entrada Poder judicial
Subdivisión geográfica República Dominicana
Subdivisión de forma Ensayos, conferencias, etc
655 #7 - INDEX TERM--GENRE/FORM
Genre/form data or focus term Conference papers and proceedings.
Source of term lcgft
700 1# - ASIENTO SECUNDARIO -- NOMBRE PERSONAL
Nombre personal Espinal, Flavio Darío
Mención de responsabilidad coord.
700 1# - ASIENTO SECUNDARIO -- NOMBRE PERSONAL
Nombre personal Massó Garrote Marcos,
Mención de responsabilidad coord.
700 1# - ASIENTO SECUNDARIO -- NOMBRE PERSONAL
Nombre personal Tejada, Leonor
Mención de responsabilidad ed.
710 2# - ASIENTO SECUNDARIO -- NOMBRE CORPORATIVO
Nombre corporativo o de jurisdicción Tribunal Constitucional (República Dominicana)
910 ## - VALIDACIÓN
Validación VMateo
942 ## - ADDED ENTRY ELEMENTS (KOHA)
Source of classification or shelving scheme Dewey Decimal Classification
Koha item type Libros
Existencias
Withdrawn status Lost status Source of classification or shelving scheme Damaged status Not for loan Collection code Home library Current library Date acquired Source of acquisition Full call number Barcode Date last seen Price effective from Koha item type
    Dewey Decimal Classification     Colección Dominicana Biblioteca Pública Metropolitana Salomé Ureña Biblioteca Pública Metropolitana Salomé Ureña 04/26/2021 Búho BPMSU CD 342.7293 C749d 2017 BPMSU21040036 04/26/2021 04/26/2021 Libros